| 000 | 02075 a2200229 4500 | ||
|---|---|---|---|
| 001 | 29450 | ||
| 005 | 20260407155604.0 | ||
| 008 | 260407a1998 arg spa d | ||
| 003 | AR-UNSa-BCEJYS | ||
| 040 |
_aAR-UNSa-BCEJYS _bspa _cAR-UNSa-BCEJYS |
||
| 080 |
_a336.225 _xMétodo de tributación y administración de impuestos |
||
| 245 | 1 | 0 | _aVerificación y fiscalización AFIP - DGI |
| 250 | _a2a. ed. | ||
| 264 | 1 |
_aBuenos Aires : _bEdiciones Nueva Técnica _c1998 |
|
| 300 |
_a158 p. _c28 cm. |
||
| 505 | _aModulo I: Verificación y fiscalización: 1. Actividades de verificación y fiscalización - 2. Deberes de carácter general - 3. Facultades discrecionales - 4. Funciones discrecionales de la Dirección.Enumeración - 5. Secreto fiscal - 6. Control jurisdiccional - 7. Requisitos para la transferencia de bienes - 8. Facultades de la D.G.I en materias de franquicias tributarias - 9. Obligaciones de información y colaboración - 10. Cargas públicas - 11. Regímenes de promoción. Facultades de la D.G.I. - 12. Del acto administrativo y de las actas de la admnistración fiscal - Modulo II: Bloqueo fiscal: 1. Régimen de fiscalización para determinados contribuyentes - 2. Montos fijados por ley - 3. Concepto ingresos y patrimonio - 4. Impuesto sobre los cuales se aplica - 5. Su aplicación a los agentes de retención o percepción - 6. Límites en el accionar de la fiscalización - 7. Cuando procede el bloqueo fiscal - 8. Cosecuencias de los ajustes practicados - 9. Determinación de ajustes practicados sobre base cierta o presunta - 10. Compendio de normas sobre el bloqueo fiscal - Modulo III: Amnistía fiscal: 1. Concepto - 2. Regímenes de amnistía en el derecho tributario - 3. La presentación espontanéa en la Ley Nº 11683 (t.o en 1978) - 4. Régimen especial de facilidades de pago. Decreto 938/97.Resolución General 27/97(AFIP) - 5. Régimen de presentación espontanéa. Decreto 935/97 | ||
| 041 | _aspa | ||
| 942 | _cBK | ||
| 590 | _aniveau_biblio:m niveau_hierar:0 | ||
| 100 | 1 | _aGómez, Teresa | |
| 700 | 1 | _aFolco, Carlos Maria | |
| 999 |
_c1875 _d1875 |
||